00474nam a22001217a 4500082000800000100002100008245013000029264003800159300002600197650003600223700003600259856005700295 a621 aBilal, Muhammad  aAnalytical and Numerical Solution for Flow and Heat Transfer Over Unsteady Stretching Sheet with Internal Heating /cM Bilal  aIslamabad : bSMME- NUST; c2022. a50p.bSoft Copyc30cm aMS Mechanical Engineering  aSupervisor : Dr Muhammad Safdar uhttp://10.250.8.41:8080/xmlui/handle/123456789/30724